Ordenanza jeneral del ejército
Αποθηκεύτηκε σε:
| Κύριοι συγγραφείς: | , |
|---|---|
| Συγγραφή απο Οργανισμό/Αρχή: | |
| Μορφή: | Βιβλίο |
| Γλώσσα: | Ισπανικά |
| Έκδοση: |
Santiago
Nacional
1901
|
| Έκδοση: | 2a. ed |
| Θέματα: | |
| Ετικέτες: |
Προσθήκη ετικέτας
Δεν υπάρχουν, Καταχωρήστε ετικέτα πρώτοι!
|
MARC
| LEADER | 00000nam a2200000 a 4500 | ||
|---|---|---|---|
| 001 | UCR4698 | ||
| 003 | CL-VaPUC | ||
| 008 | 980313e19010000CL |||||||||||||||||spa|d | ||
| 082 | 0 | 4 | |a 343.014 |b BRA |2 21 |
| 100 | 0 | |a Bravo Valdivieso, Carlos |e author |9 405229 | |
| 700 | 0 | |a González Bañados, Luis C |e author |9 405230 | |
| 110 | 2 | |a República de Chile |e author |9 405231 | |
| 245 | 1 | 0 | |a Ordenanza jeneral del ejército |
| 250 | |a 2a. ed | ||
| 300 | |a 2 t | ||
| 942 | |c BK | ||
| 945 | |d 19980313 00:00:00 |a crobeson | ||
| 260 | |a Santiago |b Nacional |c 1901 | ||
| 600 | 0 | 7 | |a EJERCITO DE CHILE |2 CL-VaPUC |9 404556 |
| 650 | 0 | |a Derecho militar |9 255065 | |
| 650 | 0 | |a Código de justicia militar |9 371893 | |
| 650 | 0 | |a Fuerzas Armadas |9 255504 | |
| 650 | 0 | |a Derecho constitucional |9 222588 | |
| 650 | 7 | |a TRIBUNALES MILITARES |2 CL-VaPUC |9 328495 | |
| 650 | 0 | |a Derecho penal militar |9 337951 | |
| 651 | 7 | |a CHILE |2 CL-VaPUC |9 405232 | |
| 583 | |a last modification |c 19980313 00:00:00 |k Rodrigo Vera | ||
| 999 | |c 267593 |d 267591 | ||
| 952 | |0 0 |1 0 |4 0 |6 343_014000000000000_BRA_1901 |7 0 |8 X |9 299999 |a BIBDER |b BIBDER |d 2019-11-20 |h t.1 |i 1949632 |o 343.014 BRA 1901 |p 1949632 |r 2023-01-25 |w 2019-11-20 |y BK_X |k DER | ||
| 952 | |0 0 |1 0 |4 0 |6 343_014000000000000_BRA_1901 |7 0 |8 X |9 300000 |a BIBDER |b BIBDER |d 2019-11-20 |h t.2 |i 1949640 |o 343.014 BRA 1901 |p 1949640 |r 2023-01-25 |w 2019-11-20 |y BK_X |k DER | ||
| 952 | |0 0 |1 0 |4 0 |6 343_014000000000000_BRA_1901 |7 0 |8 X |9 300001 |a BIBDER |b BIBDER |d 2019-11-20 |h t.1 |i 1949659 |o 343.014 BRA 1901 |p 1949659 |r 2023-01-25 |w 2019-11-20 |y BK_X |k DER | ||
| 952 | |0 0 |1 0 |4 0 |6 343_014000000000000_BRA_1901 |7 0 |8 X |9 300002 |a FDOBUD |b FDOBUD |d 2019-11-20 |h t.1 |i 1031023 |o 343.014 BRA 1901 |p 1031023 |r 2019-11-20 |w 2019-11-20 |y BK_X |k BUD | ||
| 952 | |0 0 |1 0 |4 0 |6 343_014000000000000_BRA_1901 |7 0 |8 X |9 300003 |a FDOBUD |b FDOBUD |d 2019-11-20 |h t.2 |i 1031031 |o 343.014 BRA 1901 |p 1031031 |r 2019-11-20 |w 2019-11-20 |y BK_X |k BUD | ||